[Event "RUS-ch Superfinal 61st"]
[Site "Moscow"]
[Date "2008.10.04"]
[Round "2"]
[White "Inarkiev, Ernesto"]
[Black "Vitiugov, Nikita"]
[Result "0-1"]
[WhiteElo "2669"]
[BlackElo "2638"]
[Annotator "Vitiugov,N"]
[PlyCount "90"]
[EventDate "2008.10.03"]
[EventType "tourn"]
[EventRounds "11"]
[EventCountry "RUS"]
[EventCategory "17"]
[SourceTitle "CBM 127"]
[Source "ChessBase"]
[SourceDate "2008.11.13"]
[SourceVersion "1"]
[SourceVersionDate "2008.11.13"]
[SourceQuality "1"]

1. e4 e6 2. d4 d5 3. Nc3 Bb4 4. e5 c5 5. a3 Bxc3+ 6. bxc3 Ne7 7. Nf3 {A move
leading to a long struggle.} (7. Qg4 {is more frequently seen and more
aggressive.}) 7... b6 8. Bb5+ {The only way to avoid an exchange of bishops.}
Bd7 9. Bd3 Ba4 {But now Black get a nice square for his bishop.} 10. h4 h6 11.
Bf4 Nbc6 ({The standard plan in this position is} 11... c4 $5 12. Be2 Kd7 $13)
12. h5 a6 $5 {Interesting idea. Black insists on exchanging bishops, but now
it is not so good.} 13. Qb1 (13. Rb1 $6 {was weaker:} Bb5 14. Bxb5 axb5 15.
Rxb5 Rxa3 16. dxc5 bxc5 17. Rxc5 Qb6 18. Be3 Nf5 19. Bd4 Qa6 $1) 13... Qc7 14.
O-O Na5 15. Ra2 $1 {A strong, multifunctional move, but it does not look
pretty.} Rb8 $6 {Loss of time.} (15... O-O $5) 16. Re1 Kd7 $6 {An original
move, with some ideas behind it, but it is also very sound.} 17. Rb2 c4 {
A forced measure} (17... Nc4 $6 18. Bxc4 dxc4 19. dxc5 bxc5 20. Rd1+ Nd5 $2 (
20... Kc8 21. Nd2 $5 $36) 21. Rxd5+ $18) 18. Be2 $16 {We now see the standard
pawn structure, in which Black made many useless moves.} Nac6 19. Qc1 b5 $6 {
Black shouldn't hurry to close in his bishop.} 20. Nh2 $1 {White begins a
series of very sound moves.} a5 21. Ra2 Qd8 22. Bg4 Qg8 $1 {Black also plays
well, but in the opening he wasted a lot of tempi. That's why White got an
advantage.} 23. Nf1 Kc7 24. Ne3 Kb7 25. Bh3 Nc8 26. Bg3 Nb6 27. f4 $2 {A
serious mistake, after which Black's position becomes acceptable.} ({The right
move was} 27. Bh4 $5) 27... f5 $1 28. Qd1 $6 {The second mistake. White loses
the thread of the game.} (28. Bh4 $5) ({The opening of the position is not in
White's favour.} 28. exf6 gxf6 29. Bh4 f5 $13) 28... Ne7 29. Rf1 (29. Kh2 $5 {
is more accurate:} g5 30. hxg6 Nxg6 31. Qh5) 29... g5 30. hxg6 Nxg6 31. Bxf5 $2
{Ernesto is a non-compromise fighter. And, in spite of the fact that the
position in the game is not favourable for him, he continues to play for a win.
} (31. Qh5 $2 Nxe5 $1) ({More cautious player would prefer} 31. Kh2 h5 {
and Black is ok.}) 31... exf5 32. Nxf5 Ka6 33. Qf3 h5 {Black needs counterplay
immediately.} ({The alternative was} 33... Rf8 $5 34. Ne3 Ne7 35. f5 Nxf5 36.
Nxf5 Rxf5 37. Qxf5 Qxg3 $132) 34. Ne3 h4 35. Bh2 h3 36. g4 Nh4 37. Qg3 Rb7 $1 {
An important move. Though both players were in time trouble, the level of
moves remained high.} 38. f5 Ng2 39. g5 $2 {In such sharp position any mistake
can become the last one. It happened.} ({The right way was} 39. Nxg2 hxg2 40.
Rf2 $1 Rbh7 41. Rxg2 Rh3 42. Qf4 R8h4 $1 $40 {But here Black also has a strong
initiative. For example,} 43. Kh1 Rxc3 44. e6 Rhh3 45. g5 Rhf3 46. Qg4 Rf1+ 47.
Rg1 Rf2 48. Rg2 Rfxc2 49. f6 Rc1+ 50. Rg1 Bc2 51. Rxc1 Be4+ 52. Kg1 Rxc1+ 53.
Kf2 Qh8 {and Black has a decisive attack.}) 39... Rh5 40. g6 Nxe3 41. Qxe3 Rf7
$1 {Now Black is winning.} 42. f6 Qxg6+ 43. Bg3 h2+ (43... Bxc2 44. Kh2) 44.
Kh1 Rh3 (44... Bxc2 $2 45. Rxc2 Qxc2 46. e6 $17 {is not so clear.}) 45. Rf3
Bxc2 0-1

[Event "RUS-ch Superfinal 61st"]
[Site "Moscow"]
[Date "2008.10.13"]
[Round "9"]
[White "Jakovenko, Dmitrij"]
[Black "Sakaev, Konstantin"]
[Result "1-0"]
[WhiteElo "2737"]
[BlackElo "2640"]
[Annotator "Rogozenco,D"]
[PlyCount "95"]
[EventDate "2008.10.03"]
[EventType "tourn"]
[EventRounds "11"]
[EventCountry "RUS"]
[EventCategory "17"]
[SourceTitle "CBM 127"]
[Source "ChessBase"]
[SourceDate "2008.11.13"]
[SourceVersion "1"]
[SourceVersionDate "2008.11.13"]
[SourceQuality "1"]

1. d4 d5 2. c4 c6 3. Nf3 Nf6 4. Nc3 dxc4 5. a4 Bf5 6. Ne5 Nbd7 7. Nxc4 Nb6 8.
Ne5 a5 9. g3 e6 10. Bg2 Bb4 11. O-O O-O 12. e3 h6 13. Qe2 Bh7 14. Rd1 Nfd7 15.
Nd3 Qe7 16. e4 Rfd8 {The present game casts doubts on this relatively new move.
} ({Probably Black must accept a slightly inferior endgame arising after} 16...
e5 17. dxe5 ({Not} 17. Nxe5 Nxe5 18. dxe5 Bc5 $1 {0-1 Gelfand,B (2720)-Wang
Yue (2704)/Sochi 2008 (54). and Black equalizes comfortably.}) (17. d5 Rfd8 18.
Be3 $11 {1/2-1/2 Kramnik,V (2725)-Short,N (2665)/Novgorod 1994 (46)}) 17...
Nxe5 18. Nxe5 Qxe5 19. Be3 Bc5 20. Rac1 Bxe3 21. Qxe3 Nc4 22. Qd4 Qxd4 23. Rxd4
{but of course fighting for a draw in an endgame is not everyone's cup of tea.}
) 17. f4 $1 $146 ({Just a week previous to the present game Sakaev himself
with White played this position and continued} 17. Be3 Nc4 18. Nxb4 Qxb4 19.
Na2 Qb3 20. Nc1 {and now instead of 20...Qb4, which after the repetition 21.
Na2 Qb3 22.Nc1 Qb4 allowed White to consolidate the position and achieve
advantage after 23.Nd3 Qe7 24.Bc1 followed by 25.b3, Black had to take the
pawn b2:} Qxb2 21. Qxc4 Qxa1 22. Qb3 Ra6 {Although this looks dangerous for
Black, the concrete analysis shows that he can keep extra material:} 23. d5 (
23. Nd3 $140 $2 Rb6 24. Qc2 Qa3 $19) (23. Qxb7 $2 Qxa4 $19) 23... Qf6 24. Qxb7
Raa8 25. d6 (25. dxc6 Nc5 26. Rxd8+ Rxd8 27. Bxc5 Rd1+ 28. Bf1 Bxe4 $19 {
[%cal Gf6f3]}) 25... Ne5 26. f4 Ng4 27. e5 Qg6 {and White cannot make use of
his apparently strong bishops and pawn chain. Apart from being an exchange up,
Black has counterplay against the white king (Qh5 or Qc2 are powerful threats)
and his chances are better.}) ({Jakovenko also played this variation in the
same tournament a few rounds before. After} 17. Bf4 Bd6 18. Be3 Nc4 19. Bc1 e5
20. d5 Nf6 21. b3 Nb6 22. dxc6 bxc6 23. Nb1 Nbd7 24. Nd2 Nc5 25. Nxc5 Bxc5 26.
Bb2 Bd4 27. Bxd4 Rxd4 28. Nc4 c5 29. Qe1 Qc7 30. Rac1 {White achieved an edge,
which he converted into a full point later, 1-0 Jakovenko,D (2737)-Lastin,A 
(2651)/Moscow 2008 (51). Sakaev had obviously prepared an improvement for
Black, but he was confronted with a nasty surprise. After 17.f4 the only
active possibility for Black remains the advance of the c-pawn, but that will
weaken the b5-square.}) 17... Nf6 (17... c5 18. Be3 $14) 18. h3 Qc7 (18... Rxd4
{loses the exchange after} 19. Be3 {Sakaev's move protects the knight on b6
and Black threatens now to take on d4.}) 19. Nf2 $1 {Not an obvious retreat,
but very strong. On f2 the knight is placed ideally: apart from the fact that
it is protecting the e4-pawn and thus preparing 20.Be3, it also closes the
diagonal a7-g1 (which Black can use for tactical motifs) and (via g4) the
knight can take part in the assault on the kingside.} ({The active move} 19.
Ne5 {is weaker. After} c5 20. Nb5 (20. Be3 $6 Bxc3 21. bxc3 Bxe4 $15) 20... Qe7
$11 {Black attacks White's centre more easily.}) 19... c5 {The opening of the
centre favours White. Instead of this Black had to accept an inferior, passive
position and choose a waiting strategy.} 20. Be3 cxd4 21. Bxd4 {Suddenly Black
is facing big problems due to the unstable position of his both knights and
queen.} Bc5 (21... Be7 $2 22. Nb5 Qc4 23. Qxc4 Nxc4 24. b3 $18) 22. Bxf6 $1 {
Thanks to Nf2 the bishop is not pinned and White can destroy his opponent's
pawn structure.} ({After} 22. Nb5 Qe7 23. Bxc5 Qxc5 24. Rdc1 ({or} 24. Rxd8+
Rxd8 25. e5 Nfd5 26. Nd6 Qd4) 24... Qb4 $1 (24... Qe7 25. Qe3 $16 {[%csl Rb6]})
25. Nd3 Qe7 26. Rc7 Rd7 27. Rac1 Ne8 28. Rxd7 Nxd7 29. e5 Rd8 {[%cal Gd7b6]
White is just slightly better.}) 22... gxf6 23. Kh2 Nd7 24. Ng4 Kg7 25. e5 $1
f5 (25... fxe5 {runs into} 26. Nb5 $1 (26. Nxe5 Nxe5 27. fxe5 Be7 $13) (26.
fxe5 h5 $13) 26... Qb8 27. Nxe5 Nxe5 28. Rxd8 Qxd8 29. Qxe5+ $18 {[%csl Rc5]})
26. Ne3 {With the bishop locked up on h7 and weak queenside Black is
strategically lost.} Nb6 (26... f6 27. Nb5 Qb6 28. Nc4 $18) 27. Nb5 Qe7 28. Nd6
$1 Rd7 ({Taking on d6 would open the long diagonal and weaken the king's
position even more:} 28... Bxd6 29. exd6 Qd7 (29... Rxd6 30. Nxf5+ Bxf5 31.
Qe5+ $18) 30. Qd3 {[%cal Gd3d4]} Nc8 31. Nc4 f6 32. Qb3 $18 {[%csl Rb7]}) 29.
Rac1 Rc7 {Sakaev has succeeded in avoiding a quick loss, but White dominates
completely. Jakovenko improves his pieces further. and Black's situation is
just hopeless.} (29... Bb4 30. Qb5 $18) 30. b3 Rb8 31. Rd3 Bg6 32. Rcd1 h5 33.
h4 $1 {Avoiding any counterplay attempt.} Bb4 (33... f6 34. Nb5 Rd7 ({After} 
34... fxe5 {the most convincing is} 35. Nc4 e4 36. Nxb6 exd3 (36... Bxb6 37.
Nxc7 exd3 38. Qe5+ Kf7 (38... Kh6 39. Nd5 $18) 39. Nxe6 Qxe6 40. Bd5 $18) 37.
Qe5+ Kh6 38. Nxc7 Bxb6 39. Nd5 $18) 35. exf6+ Kxf6 36. Rxd7 Nxd7 37. Nc4 $18)
34. Nc2 ({Jakovenko's move is more sophisticated than the direct} 34. Nb5 Rd7
35. Rxd7 Nxd7 36. Nd6 b6 37. Qb5 Nf8 38. Nc2 Bc5 {where Black has managed to
exchange a pair of rooks and still holds the position somehow.}) 34... Bc5 35.
Nd4 Bb4 36. N4b5 Rc5 (36... Rd7 37. Qe3 Qd8 38. Nxb7 $18) 37. Nc4 $1 $18 {
Finally White finds a way to penetrate to the 7th rank and wins material.} Nxc4
38. Rd7 Qf8 39. bxc4 b6 (39... Kh6 40. Bxb7 $18) 40. Nc7 {The double-attack 
(threatening 41.Nxe6+ and 41.Na6) that finishes the game.} Kh6 41. Na6 Rbc8 42.
Nxc5 Qxc5 {Black's light-squared bishop is still out of play, so basically
White is playing as if he were a rook up.} 43. R1d6 Bc3 ({or} 43... Qxc4 44.
Qxc4 Rxc4 45. Rxb6 Rc2 46. Kh3 Ra2 47. Bc6 Ra3 48. Bb5 Be1 49. Rd3 Ra2 50. Rd1
Bb4 51. Rb7 $18) 44. Qd3 Be1 45. Rd8 Rxd8 46. Rxd8 Kh7 47. Rb8 Qf2 48. Kh1 1-0

[Event "RUS-ch Superfinal 61st"]
[Site "Moscow"]
[Date "2008.10.15"]
[Round "11"]
[White "Jakovenko, Dmitrij"]
[Black "Vitiugov, Nikita"]
[Result "1-0"]
[WhiteElo "2737"]
[BlackElo "2638"]
[Annotator "Ftacnik,L"]
[PlyCount "59"]
[EventDate "2008.10.03"]
[EventType "tourn"]
[EventRounds "11"]
[EventCountry "RUS"]
[EventCategory "17"]
[SourceTitle "EXT 2010"]
[Source "ChessBase"]
[SourceDate "2010.11.25"]
[SourceVersion "1"]
[SourceVersionDate "2010.11.25"]
[SourceQuality "1"]

1. e4 e6 2. d4 d5 3. Nc3 Nf6 4. e5 Nfd7 5. f4 c5 6. Nf3 Nc6 7. Be3 a6 8. Qd2 b5
9. a3 Bb7 10. Bd3 g5 $5 {The 21-year old Vitiugov is a great hope for the
russian chess and the championship presented him in the best light. The game
from the last round was bearing a special importance for both players,
Jakovenko needed a win for sharing the first place. In the well known
theoretical position black is presenting a very interesting novelty.} (10...
Qc7 11. O-O O-O-O 12. Nd1 cxd4 13. Nxd4 g5 14. Nxc6 Qxc6 15. Bd4 gxf4 16. Qxf4
Rg8 17. Ne3 f6 18. exf6 e5 19. f7 Rxg2+ {0-1 Svidler,P (2728)-Morozevich,A 
(2741)/Monte Carlo 2007}) (10... Qb6 11. Qf2 c4 (11... g6 12. O-O cxd4 $6 13.
Nxd4 Nxd4 14. Bxd4 Qxd4 15. Qxd4 Bc5 16. Ne2 h5 (16... Bxd4+ 17. Nxd4 h5) 17.
c3 $5 Ke7 18. Kf2 Bc6 19. Rfc1 Rac8 20. g3 Bxd4+ 21. cxd4 Bb7 22. h3 Rxc1 23.
Nxc1 $14 {1-0 Wang Hao (2593)-Akobian,V (2600)/Moscow 2006/ (72)}) (11... Rc8
12. O-O cxd4 (12... g6 13. Kh1 c4 14. Be2 Ne7 15. Nd1 h5 16. Bd2 Nf5 17. Bb4 a5
18. Bxf8 Kxf8 19. c3 Kg7 20. Ne3 Bc6 21. Ng5 Nf8 {1/2 Smirnov,P (2614)
-Kiriakov,P (2555)/Sochi 2006 (52)}) 13. Nxd4 Nxd4 14. Bxd4 Qxd4 15. Qxd4 Bc5
16. Ne2 $14 {Van den Doel,E-Glek,I/Wijk aan Zee 1995}) 12. Be2 b4 (12... Ne7
13. O-O h5 14. Qe1 Nf5 15. Bf2 Be7 16. Qd2 Nb8 17. Nd1 Nc6 18. c3 Na5 19. Rb1
Nb3 20. Qe1 a5 21. Ne3 Nxe3 22. Bxe3 b4 23. axb4 axb4 24. Nd2 Nxd2 25. Bxd2 {
1-0 Luther,T (2604)-Volkov,S (2578)/Moscow 2001 (66)}) 13. axb4 Nxb4 14. Rc1 h5
15. Ng5 g6 16. g4 hxg4 17. Bxg4 Nc6 18. O-O Ne7 19. h4 Nf5 20. h5 Be7 21. Ne2
f6 22. hxg6 {0-1 Smirnov,P (2629)-Filippov,V (2630)/Rethymnon 2003}) (10... Rc8
11. O-O g6 12. Qf2 b4 13. Nd1 Qb6 14. c3 a5 15. Qe2 h5 16. Nf2 c4 17. Bc2 Ne7
18. Nh3 Nf5 19. Bf2 Bc6 20. Nhg5 Be7 {1/2 Nepomniachtchi,I (2613)-Kiriakov,P 
(2541)/Krasnoyarsk 2007 (47)}) 11. fxg5 cxd4 12. Nxd4 Ndxe5 (12... Ncxe5 13.
O-O Bd6 14. Be2 Ng6 $13) 13. O-O Bg7 {After the demise of the pawn center
black has to be careful about the attacking potential of the enemy. It will
not be easy to solve the riddle of the peaceful spot for the black king.} (
13... Rg8 14. Nxc6 Bxc6 15. Qf2 $14) 14. Nxc6 Bxc6 (14... Nxc6 15. Bc5 Ne5 16.
Qf4 $16) 15. Bc5 Qc7 (15... Rc8 16. Ne2 Nc4 17. Bxc4 dxc4 18. Qf4 $14) 16. a4
Nc4 $2 {The very tempting jump of the knight to the sicilian square c4 is
unfortunatelly a false solution in this situation. In the quiet of a home
study it is possible to prove, that the swap of the bishop d3 would bring
relief and parity.} (16... Nxd3 $1 17. cxd3 (17. Qxd3 b4 18. Ne2 Bxb2 19. Ra2
Be5 20. Kh1 $15) 17... d4 18. Ne2 Bxg2 19. Rfc1 Bd5 20. axb5 axb5 21. Qb4 Qd7
22. Nxd4 (22. Rxa8+ Bxa8 23. Bb6 Be5 24. Qc5 Bd5 25. Nxd4 f5 $11) 22... Rg8 23.
Rxa8+ Bxa8 24. Nxb5 Be5 $11) 17. Qf2 b4 (17... Nxb2 18. axb5 Bxc3 (18... axb5
19. Rxa8+ Bxa8 20. Bxb5+ Bc6 21. Bxc6+ Qxc6 22. Qxf7+ $18) 19. Ra3 Be5 20. bxc6
$16) (17... bxa4 18. Nxa4 Nxb2 19. Nb6 Nxd3 20. cxd3 Rb8 21. Rxa6 $16) 18. Bxb4
(18. Ne4 dxe4 19. Bxc4 Bxb2 20. Rad1 Bg7 21. Be2 Bd5 22. Bh5 $16) 18... Nxb2
19. Rab1 Nxd3 (19... Nc4 20. Bxc4 dxc4 21. Ba5 $16) 20. cxd3 Be5 21. Rbc1 $1 {
[%mdl 128] Vitiugov might have missed, that despite the centralisation of the
mighty bishop white is still preserving dangerous attacking chances.} Rb8 (
21... Bxh2+ $2 22. Kh1 O-O-O (22... Bg3 23. Nxd5 $1 Bxd5 (23... exd5 24. Rfe1+)
24. Qf6 Be5 25. Qxh8+ Bxh8 26. Rxc7 $18) 23. Nb5 axb5 24. axb5 h6 25. g6 $18)
22. Na2 (22. Ba5 $2 Qxa5 23. Qxf7+ Kd8 24. Qxe6 Qc5+ 25. Kh1 Re8 $19) 22... Rb7
23. Qc2 Bd7 (23... a5 24. Bxa5 Qxa5 25. Qxc6+ Rd7 26. Nc3 Qc7 27. Nb5 Bxh2+ 28.
Kh1 Qxc6 29. Rxc6 Be5 30. d4 Bg7 31. a5 $16) 24. Qf2 Bc6 25. Rc2 $1 {After the
forced repetition of the position white keeps his attack alive without a loss
of strength.} a5 (25... Bxh2+ 26. Kh1 Bg3 (26... Bd6 27. Rfc1 Bxb4 28. Rxc6 $18
) (26... Rg8 27. Qh4 Be5 28. d4 $18) 27. Qc5 Rg8 28. Ba5 Qd7 29. Qxc6 Qxc6 30.
Rxc6 Rxg5 31. Nb4 $16) 26. Rfc1 (26. Ba3 Bxh2+ 27. Kh1 Bd6 $15) 26... axb4 27.
Rxc6 Qa5 $2 {The defense remains the least grateful part of a chess art. Often
one inaccuracy and the fruits of a good defense based on intuition, sound
positional factors and a piece of luck can vanish in a moment.} (27... Qe7 28.
d4 (28. Rc8+ Kd7 29. Rxh8 Bxh8 30. a5 b3 31. a6 Rb5 32. a7 Ra5 33. Qb6 Bd4+ 34.
Qxd4 bxa2 35. Qb6 Qc5+ 36. Rxc5 a1=Q+ 37. Kf2 Rxa7 $11) 28... Bc7 29. Nxb4 Qxb4
30. Rxc7 Rxc7 31. Rxc7 O-O 32. h4 $14) 28. R6c5 Qa7 (28... Qb6 29. a5 $18) (
28... Qxa4 29. Rc8+ Ke7 30. Rxh8 Bxh8 31. Qc5+ $18) 29. Nxb4 Bc7 (29... Qb6 30.
Nxd5 exd5 31. Re1 O-O 32. Rxe5 $16) 30. Rxc7 $1 {The tragedy is complete,
black will be left without a piece.} (30. Rxc7 $1 Rxc7 31. Qxa7 Rxa7 32. Rc8+
Ke7 33. Rxh8 $18) 1-0

[Event "RUS-ch Superfinal 61st"]
[Site "Moscow"]
[Date "2008.10.03"]
[Round "1"]
[White "Maslak, Konstantin"]
[Black "Riazantsev, Alexander"]
[Result "0-1"]
[WhiteElo "2544"]
[BlackElo "2656"]
[Annotator "Marin,M"]
[PlyCount "94"]
[EventDate "2008.10.03"]
[EventType "tourn"]
[EventRounds "11"]
[EventCountry "RUS"]
[EventCategory "17"]
[SourceTitle "CBM 127"]
[Source "ChessBase"]
[SourceDate "2008.11.13"]
[SourceVersion "1"]
[SourceVersionDate "2008.11.13"]
[SourceQuality "1"]

1. d4 Nf6 2. c4 e6 3. g3 d5 4. Bg2 Be7 5. Nf3 O-O 6. O-O dxc4 7. Qc2 a6 8. Qxc4
b5 9. Qc2 Bb7 10. Bd2 Be4 11. Qc1 Bb7 {This line was designed by Karpov on the
occasion of his first match against Kasparov. Of course, in a match Black
cannot complain about a draw by repetition...} 12. Bf4 Nd5 13. Nc3 Nxf4 14.
Qxf4 {Abstractly speaking, this is a logical way to react to Black's way of
playing, since the tempo "won" by the queen (Qc1) has been converted into a
radical activation of Her Majesty.} Nd7 {This natural developing move is by
far not the only continuation in this position.} ({20 years ago, Karpov
preferred to activate his queen first with} 14... Qd6 15. Rfd1 ({This may be
more consistent than} 15. Ne5 Bxg2 16. Kxg2 c5 17. dxc5 Qxc5 18. Ne4 Qb6 19.
Rfd1 Ra7 20. Rac1 f6 21. Nf3 e5 $11 {and White somewhat lost stability in the
centre in Khalifman,A (2530)-Karpov,A (2725)/Moscow 1988/URS-ch (1/2, 26)}) (
15. Qe3 $5) 15... Nd7 16. d5 Qxf4 17. gxf4 exd5 18. Nxd5 Bxd5 19. Rxd5 Nb6 20.
Rdd1 Bf6 21. Rac1 Bxb2 22. Rxc7 $14 {White's advantage may seem rather
symbolic, but he managed to convert it into a win in Romanishin,O (2550)
-Janjgava,L (2470)/Simferopol 1988/CBM 011 (1-0, 39)}) ({Recently, Karpov has
started experimenting with} 14... c5 {, which had been "officially doomed"
long time ago:} 15. dxc5 Bxc5 16. Rfd1 {This may be the best move, but none of
Karpov's opponents played it.} (16. Ng5 Qb6 17. Bxb7 Qxb7 18. Rfd1 Be7 19. Rd3
Nd7 20. Rad1 Bxg5 21. Qxg5 Nf6 {and Black gradually equalized in Ubilava,E 
(2528)-Karpov,A (2668)/Calatrava, rapid 2007/CBM 117 ext (1/2, 36)}) (16. a4
bxa4 17. Nxa4 Bd6 18. Qe3 Qe7 19. Nb6 Bc5 20. Qb3 Ra7 21. Rfd1 Bc6 22. Na4 Rb7
23. Qc2 Bb4 24. Rac1 a5 $11 {Grischuk,A (2728)-Karpov,A (2651)/Moscow 2008/CBM
126 (1/2, 34)}) 16... Qe7 17. Rac1 Ra7 18. a4 $5 b4 19. Ne4 Bxe4 20. Qxe4 $14 {
White is better developed and has good prospects on light squares, Lastin,A 
(2622)-Novikov,M (2426)/Tomsk 2004/CBM 102/[Ribli] (1-0, 54)}) 15. Rfd1 Bd6 16.
Ne5 $146 {A new try to maintain the pressure. Previously, White's concern was
to find the best square for the queen.} (16. Qh4 Nf6 $6 (16... Qxh4 $1 17. Nxh4
Bxg2 18. Nxg2 Nf6 19. Rac1 Rac8 $11 {/\ ...c5. With his knight passively
placed on g2, White has little chance of retaining an advantage.}) 17. a3 Qb8
18. g4 Rd8 19. Rac1 Be7 20. g5 Nd7 21. d5 Nf8 22. Ne5 $16 {with an advantage
in space and a strong initiative for White in Aronian,L (2744)-Ivanchuk,V 
(2750)/Monte Carlo 2007/CBM 117 ext (1-0, 67)}) (16. Qe3 Nb6 17. Ne5 Bxg2 18.
Kxg2 f5 19. f4 b4 20. Nb1 {[%csl Rb1] Obviously, White cannot be better here.
In Mikhalevski,V (2590)-Bakre,T (2426)/Sydney 2007/CBM 117 ext (1-0!, 32),
Black could in fact have obtained a big advantage with} Nd5 21. Qb3 Bxe5 22.
fxe5 (22. dxe5 Ne3+ $1 $19 {This trick must have been overlooked by both
opponents.}) 22... f4 $40) 16... Bxg2 17. Kxg2 f5 $5 {An interesting attempt
to take over the initiative on the kingside.} (17... Bxe5 18. dxe5 Qe7 19. a4
b4 20. Ne4 Rfd8 21. Rac1 $14 {Despite White's doubled pawns, Black is under
serious pressure.}) (17... f6 {does not win a piece because of the same move
as in the game.} 18. Nc6 $14) 18. Nc6 Qe8 ({The simplifications after} 18...
Bxf4 19. Nxd8 Rfxd8 20. gxf4 Rac8 21. Rac1 {leave White with some pressure.} c5
{fails to equalize.} ({Maybe Black should prefer} 21... Nf6 $5) 22. dxc5 Rxc5 (
22... Nxc5 23. Rxd8+ Rxd8 24. Nxb5 $1 $16) 23. Rd4 Kf7 24. Rcd1 Ke7 25. Rd6 $36
) 19. Qf3 g5 {Among other menaces, Black threatens to drive the enemy queen
away from the active h1-a8 diagonal.} 20. Na5 $6 {White clears the c6-square
for the queen, but retreats with the knight to a passive square.} ({He should
have kept the knight on the optimal c6-square and cleared another square for
the queen with} 20. Kg1 {. This would have been a much lesser commitment.} Nf6
21. b4 h5 22. a4 g4 23. Qg2 $14 {White's queenside initiative has reached more
concrete forms than Black's kingside attack.}) 20... Nf6 21. a3 h5 {It can be
felt that Black has overtaken his opponent in terms of speed.} 22. d5 $6 {
This move only opens files for Black. The d-file is not too important, because
it securely blocked by the enemy bishop.} f4 23. Qd3 fxg3 24. fxg3 {An obvious
positional concession.} ({However, the more consistent} 24. hxg3 {would not
have spared White any problems:} exd5 25. Nxd5 (25. Nb7 Be5) 25... Ne4 {
[%csl Rf2]} 26. Rf1 h4 $40) 24... exd5 25. Nxd5 Qe4+ 26. Qxe4 Nxe4 $15 {
Black has the better structure and an active bishop.} 27. Rf1 Be5 28. Nc6 Bxb2
29. Nxc7 Bxa1 30. Nxa8 Rxf1 31. Kxf1 Bb2 32. Nc7 Nc5 33. Nb4 Bxa3 34. Nbxa6
Nxa6 35. Nxa6 Bd6 36. Kf2 Kf7 37. Ke3 Ke6 38. Ke4 b4 39. Kd4 Kf5 40. e4+ Ke6
41. h3 g4 42. hxg4 hxg4 43. e5 b3 44. Kc3 Kxe5 45. Kxb3 Kd4 46. Kc2 Kc4 47. Kd2
Bxg3 0-1